Produits McDonald's - Statistiques

Statistiques générales
  • Ce quiz a été pris 534 fois
  • Le résultat moyen est 10 sur 21
Statistiques - réponses
Par images Réponse % Correct
Chicken McNuggets
98%
Cheeseburger
90%
Potatoes
87%
Croque Mcdo
77%
CBO
74%
McChicken
73%
280 Original
70%
Big Mac
68%
McFish
58%
McWrap Chèvre
53%
Filet-O-Fish
49%
Big Tasty
38%
Sauce Pomme Frite
36%
Salade Caesar
33%
Royal Cheese
29%
Egg & Cheese McMuffin
26%
Double Cheese Bacon
23%
P'tit Wrap Ranch
22%
McFirst Poulet
17%
McFlavor Fries Cheddar & Bacon
16%
Capuccino Daim
5%
Aucun quiz correspondant
Distribution des résultats
% des personnes avec chaque résultat
Percentile par nombre de réponses
Votre historique - résultats
Vous n’avez pas pris ce quiz